000
00313nam a22001337a 4500
008
180904b xxu||||| |||| 00| 0 eng d
020
_a
0471064793
041
_a
eng
080
_a
004
100
_a
28
101
_a
SHKI
245
_a
Maintaining and Troubleshooting HPLC Systems
_c
Runser, D.J
942
_2
udc
_c
BK
999
_c
47520
_d
47520